MARC

LEADER 00000cam a2200000 7i4500
001 0000001680
005 20011027.0
090 0 0 |a 634.9285   |b SAL1967 
100 0 0 |a SALLEH bin Mohd. Nor 
245 1 0 |a Malacca state   |c by Salleh bin Mohd. Nor 
260 0 0 |a (Kepong) :   |b Forest Research Institute, Forest Departmentc1967 
300 |a 1v. (various pagings) :   |b ill., maps (2 fold. in pocket) ;   |c 33 cm. 
440 0 0 |a Forest resources reconnaissance survey of Malaya report; no.16 
650 0 0 |a Forest surveys   |z Malaysia   |z Malacca 
650 0 0 |a Forests and forestry   |x Mensuration 
650 0 0 |a Surveys 
998 |a JPSM 
999 |a 0000002617   |b Monograph   |c Open Shelf   |e Default branch 
999 |a 0000002997   |b Monograph   |c Open Shelf   |e Default branch 
999 |a 0000002998   |b Monograph   |c Open Shelf   |e Default branch